000 00853nam a22002177a 4500
999 _c12244
_d12244
003 AR-CdUCM
008 190408b ||||| |||| 00| 0 spa d
040 _aMUNICIPALIDAD PROVINCIAL DEL CUSCO
_cBIBLIOTECA MUNICIPAL DEL CUSCO
041 _hger
082 _a119 /
_bG728 / 1928
100 _aGrabmann, Martin
_930003
245 _aFilosofía medieval /
260 _aBarcelona :
_bLabor,
_c1928.
300 _a159, XVI páginas,
_bIlustraciones,
_c19 cm.
440 _aCiencias Filosóficas
_n177
_930004
505 _aContenido: Caracteres de la filosofía escolástica -- El desarrollo de la filosofía medieval en la antigua y en la alta Escolástica -- La filosofía de Santo Tomas de Aquino ...
650 _aFilosofía Medieval
_930005
700 _aMinguijón, Salvador (traductor)
_930006
942 _2ddc
_cLIBROS
945 _acmm
_d2019-04-08